000071646 001__ 71646
000071646 005__ 20180822112446.0
000071646 037__ $$aGDOC-2017-26002
000071646 041__ $$aspa
000071646 041__ $$aeng
000071646 100__ $$0(orcid)0000-0001-6747-791X$$1360356$$aMARÍA GLORIA LAPIEZA, LAÍNEZ
000071646 24500 $$926002$$aFisiología humana
000071646 24200 $$926002$$aHuman physiology
000071646 260__ $$aZaragoza$$bUniversidad de Zaragoza$$c2017-2018
000071646 520__ $$aBreve presentación de la asignatura
En esta asignatura se aborda de forma intensiva el estudio de los sistemas Nervioso y Muscular, así como los órganos de los Sentidos. También se da una visión de conjunto de los sistemas Cardiovascular, Sangre y Sistema Linfático, Riñón, Respiratorio, Digestivo y Endocrino. Por último, se plantean las bases fisiopatológicas de las diversas enfermedades.
000071646 521__ $$9109$$aGraduado en Terapia Ocupacional$$bDegree in Occupational Therapy
000071646 540__ $$aby-nc-sa$$bCreative Commons$$c3.0$$uhttp://creativecommons.org/licenses/by-nc-sa/3.0/
000071646 830__ $$9276
000071646 8564_ $$s13991$$uhttps://zaguan.unizar.es/record/71646/files/guia-26002-es.pdf$$yGuía (idioma español)
000071646 8564_ $$s6367$$uhttps://zaguan.unizar.es/record/71646/files/guia-26002-en.pdf$$yGuide (english)
000071646 970__ $$aGDOC-2017-26002
000071646 980__ $$aGDOC$$bCiencias de la Salud$$bHealth Sciences$$c127